Missing Word: Rap Albums of the Last Decade Quiz Stats

 Plays Quiz Updated Oct 29, 2017

Challenge
Share
Tweet
Embed
Score 0/10 Timer 04:00
3 Plays Today
Album and Artist Missing Word % Correct
The ______ Mathers LP 2 - EminemMarshall
92.5%
The ______ of Pablo - Kanye WestLife
88.5%
If You're ______ This It's Too Late - DrakeReading
87.7%
Tha ______ III - Lil WayneCarter
72.9%
______ the Throne - Jay Z and Kanye WestWatch
65.1%
______ Friday - Nicki MinajPink
58.2%
2014 ______ Hills Drive - J. ColeForest
54.5%
Good ______, M.A.A.D City - Kendrick LamarKid
39.9%
______ Value - TimbalandShock
17.5%
Malice n ______ - Snoop DoggWonderland
16.7%

Today's Daily Dose

You're not logged in!

Compare scores with friends on all Sporcle quizzes.
Join for Free
OR
Log In

You Might Also Like...

Show Comments

Extras

Top Quizzes Today


Score Distribution

Your Account Isn't Verified!

In order to create a playlist on Sporcle, you need to verify the email address you used during registration. Go to your Sporcle Settings to finish the process.

Report this User

Report this user for behavior that violates our Community Guidelines.

Details: